Seni jahitan pakaian pengantin

Bibliographic Details
Main Author: Rosita Jaafar
Other Authors: Abd. Jalil Othman, Sufean Husin
Format: Book
Published: Kuala Lumpur : Utusan Publication & Distribution , 2004
Subjects:

MARC

LEADER 00000cam a2200000 7i4500
001 0000014481
005 20080303.0
008 080303
020 |a 9676115886 
090 0 0 |a 646.47   |b ROS 
100 0 |a Rosita Jaafar 
245 1 0 |a Seni jahitan pakaian pengantin   |c Rosita Jaafar 
260 |a Kuala Lumpur :   |b Utusan Publication & Distribution ,   |c 2004 
650 0 |a Dressmaking Patterns 
650 0 |a Sewing 
650 0 |a Wedding costume 
700 0 |a Abd. Jalil Othman 
700 0 |a Sufean Husin 
740 0 |a Hala tuju pengurusan sumber manusia dan kerjaya 
999 |a 0000933651   |b Book   |c Adult Collection   |e Cawangan Tangkak 
999 |a 0000933653   |b Book   |c Adult Collection   |e Cawangan Tangkak 
999 |a 0001013180   |b Book   |c Adult Collection   |e Perbadanan Perpustakaan Awam Johor 
999 |a 0001013182   |b Book   |c Adult Collection   |e Perbadanan Perpustakaan Awam Johor